| 000 | 00416 a2200157 4500 | ||
|---|---|---|---|
| 003 | OSt | ||
| 005 | 20240206125545.0 | ||
| 008 | 240206b |||||||| |||| 00| 0 eng d | ||
| 020 | _a9789352701438 | ||
| 100 | _aJacob, Annamma | ||
| 245 | _aMaternal and Neonatal Nursing Care Plans | ||
| 250 | _a2nd | ||
| 260 |
_bJaypee Brothers Medical Publisher _c2019 |
||
| 650 |
_aNURSING FOUNDATION _9181735 |
||
| 942 |
_2ddc _cBK |
||
| 999 |
_c158819 _d158819 |
||